banner-ar

IMPACT OF MASS MEDIA: CURRENT ISSUSE 3RD ED. / (Record no. 23922)

MARC details
000 -الفاتح
حقل البيانات ثابتة الطول 00504nam a2200193Ia 4500
008 - عناصر البيانات ثابتة الطول - معلومات عامة
حقل البيانات ثابتة الطول 140319s9999 xx 000 0 eng d
040 ## - مصدر الفهرسة
وكالة الفهرسة الأصلية GCL /
وكالة النسخ GCL
082 04 - رقم تصنيف ديوى العشرى
رقم التصنيف 302.230973
رقم المادة H I
100 1# - المدخل الرئيسى - إسم شخصى
الإسم الشخصى HIEBERT, RAY E.
245 10 - بيان العنوان
العنوان IMPACT OF MASS MEDIA: CURRENT ISSUSE 3RD ED. /
بيان المسئوليه,etc HIEBERT, RAY E.
700 1# - المدخل الاضافى - اسم شخصى
الإسم الشخصى REUSS, CAROL
260 ## - PUBLICATION, DISTRIBUTION, ETC. (IMPRINT)
تاريخ النشر أو التوزيع 1994
300 ## - الوصف المادى
التعداد 472 P
650 04 - المدخل الاضافى بالموضوع-مصطلح موضوعى
مصطلح موضوعي MASS MEDIA
650 04 - المدخل الاضافى بالموضوع-مصطلح موضوعى
مصطلح موضوعي UNITED STATES
650 04 - المدخل الاضافى بالموضوع-مصطلح موضوعى
مصطلح موضوعي SOCIAL ASPECTS
942 ## - عناصر المدخل الإضافي( كوها)
مصدر التصنيف او مخطط الترفيف Dewey Decimal Classification
Koha [default] item type كتاب
260 ## - PUBLICATION, DISTRIBUTION, ETC. (IMPRINT)
-- [S.N] :
-- LONGMAN ،
Holdings
حالة التراجع حالة الفقد حالة تلف ليس للاعارة المكان المؤقت الموقع الحالى تاريخ الاكتساب اجمالي اﻻعارات رقم الطلب الباركود تاريخ اخر مشاهدة تاريخ تفعيل السعر نوع وعاء كوها
        مكتبة القاهرة الكبرى مكتبة القاهرة الكبرى 03/26/2014   302.230973\H I 42610 03/26/2014 03/26/2014 كتاب

Powered By

EGPV